000 01591cam a2200385 i 4500
999 _c141770
_d141770
001 19111824
005 20180728145857.0
008 160527s2016 nyubj b 000 1 eng
010 _a 2016019149
020 _a9781476758572 (hardcover)
020 _z9781476758756 (ebook)
040 _aDLC
_beng
_cDLC
_erda
_dPPAK
050 0 0 _bT49 2016
082 0 0 _a823.92
_223
090 _a823.92
_bGRE
_dG
100 1 _aGregory, Philippa,
_eauthor.
245 1 0 _aThree sisters, three queens /
_cPhilippa Gregory.
250 _aFirst Touchstone hardcover edition.
264 1 _aNew York :
_bTouchstone,
_c2016.
264 1 _a@2016
300 _a556 pages :
_bmap, genealogical tables ;
_c21 cm
336 _atext
_2rdacontent
337 _aunmediated
_2rdamedia
338 _avolume
_2rdacarrier
490 0 _aTudor court novels
504 _aIncludes bibliographical references (pages 551-556).
600 0 0 _aCatharine,
_cof Aragon, Queen, consort of Henry VIII, King of England,
_d1485-1536
_vFiction.
600 0 0 _aMargaret,
_cQueen, consort of James IV, King of Scotland,
_d1489-1541
_vFiction.
600 0 0 _aMary,
_cQueen, consort of Louis XII, King of France,
_d1496-1533,
_vFiction.
650 0 _aQueens
_zEurope
_xHistory
_y16th century
_vFiction.
655 7 _aBiographical fiction.
_2gsafd
655 7 _aHistorical fiction.
_2gsafd
776 0 8 _iOnline version:
_aGregory, Philippa, author.
_tThree sisters, three queens
_bFirst Touchstone hardcover edition.
_dNew York, NY : Touchstone, An Imprint of Simon & Schuster, Inc., 2016
_z9781476758756
_w(DLC) 2016025476
942 _2ddc
_cB